Every Mario Game - Statistics

General Stats
  • This quiz has been taken 50 times
    6 since last reset
  • The average score is 80 of 221
Answer Stats
Year Console Game % Correct
1981 Arcade Donkey Kong
100%
1994 Gameboy Donkey Kong
100%
1983 Arcade Mario Bros.
100%
1982 Arcade Donkey Kong Jr.
80%
1999 N64 Mario Golf
80%
2014 Wii U Mario Kart 8
80%
2025 Switch 2 Mario Kart World
80%
2000 N64 Mario Tennis
80%
2000 N64 Paper Mario
80%
2004 GameCube Paper Mario: The Thousand Year Door
80%
2024 Switch Paper Mario: The Thousand-Year Door
80%
1996 N64 Super Mario 64
80%
1985 NES Super Mario Bros.
80%
1988 NES Super Mario Bros. 2
80%
1988 NES Super Mario Bros. 3
80%
2007 Wii Super Mario Galaxy
80%
2010 Wii Super Mario Galaxy 2
80%
1992 SNES Super Mario Kart
80%
1989 Game Boy Super Mario Land
80%
1992 Game Boy Super Mario Land 2: 6 Golden Coins
80%
1994 Game Boy Super Mario Land 3: Wario Land
80%
2023 Switch Super Mario RPG
80%
1996 SNES Super Mario RPG: Legend of the Seven Stars
80%
2002 GameCube Super Mario Sunshine
80%
1990 SNES Super Mario World
80%
1995 SNES Super Mario World 2: Yoshi's Island
80%
2007 Wii Super Paper Mario
80%
1984 NES Tennis
80%
1991 NES/Game Boy Yoshi
80%
1984 NES Golf
60%
1994 Phillips CD-i Hotel Mario
60%
2009 DS Mario & Luigi: Bowser's Inside Story
60%
2018 3DS Mario & Luigi: Bowser's Inside Story + Bowser Jr.'s Journey
60%
1993 PC/SNES Mario is Missing!
60%
1996 N64 Mario Kart 64
60%
2011 3DS Mario Kart 7
60%
2017 Switch Mario Kart 8 Deluxe
60%
2003 GameCube Mario Kart: Double Dash
60%
2008 Wii Mario Kart Wii
60%
1992 SNES Mario Paint
60%
1998 N64 Mario Party
60%
2015 Wii U Mario Party 10
60%
1999 N64 Mario Party 2
60%
2000 N64 Mario Party 3
60%
2002 GameCube Mario Party 4
60%
2003 GameCube Mario Party 5
60%
2004 GameCube Mario Party 6
60%
2005 GameCube Mario Party 7
60%
2007 Wii Mario Party 8
60%
2012 Wii Mario Party 9
60%
2021 Switch Mario Party Superstars
60%
1995 Virtual Boy Mario's Tennis
60%
1992 PC Mario Teaches Typing
60%
2018 Switch Mario Tennis Aces
60%
2005 GameCube NBA Street V3
60%
2020 Switch Super Mario 3D All-Stars
60%
2011 3DS Super Mario 3D Land
60%
2013 Wii U Super Mario 3D World
60%
2021 Switch Super Mario 3D World + Bowser's Fury
60%
2001 GBA Super Mario Advance
60%
2003 GBA Super Mario Advance 4: Super Mario Bros. 3
60%
1993 SNES Super Mario All-Stars
60%
2015 Wii U Super Mario Maker
60%
2017 Switch Super Mario Odyssey
60%
2018 Switch Super Mario Party
60%
2024 Switch Super Mario Party Jamboree
60%
2005 GameCube Super Mario Strikers
60%
2001 GBA Super Mario World: Super Mario Advance 2
60%
1985 NES Wrecking Crew
60%
2002 GBA Yoshi's Island: Super Mario Advance 3
60%
1982 Game & Watch Donkey Kong II
40%
1990 NES /Game Boy Dr. Mario
40%
1996 Game Boy Game & Watch Gallery
40%
2001 GameCube Luigi's Mansion
40%
2018 3DS Luigi's Mansion
40%
2024 Switch Mario & Luigi: Brothership
40%
2005 DS Mario & Luigi: Partners in Time
40%
2003 GBA Mario & Luigi Superstar Saga
40%
2017 3DS Mario & Luigi: Superstar Saga + Bowser's Minions
40%
1995 Virtual Boy Mario Clash
40%
1994 PC/SNES Mario Early Years! Fun with Numbers
40%
2003 GameCube Mario Golf: Toadstool Tour
40%
2005 DS Mario Kart DS
40%
2001 GBA Mario Kart Super Circuit
40%
2019 Mobile Mario Kart Tour
40%
2005 GBA Mario Party Advance
40%
2007 DS Mario Party DS
40%
2017 3DS Mario Party: The Top 100
40%
2004 GBA Mario Pinball Land
40%
1983 Game & Watch Mario's Cement Factory
40%
1994 Game Boy Mario's Picross
40%
1995 Super Famicom Mario's Super Picross
40%
1993 PC/SNES Mario's Time Machine
40%
2022 Switch Mario Strikers: Battle League
40%
2007 Wii Mario Strikers Charged
40%
2008 Wii Mario Super Sluggers
40%
2005 GameCube Mario Superstar Baseball
40%
2026 Switch 2 Mario Tennis Fever
40%
2004 GBA Mario vs. Donkey Kong
40%
2024 Switch Mario vs. Donkey Kong
40%
1987 NES Mike Tyson's Punch-Out!!
40%
2006 DS New Super Mario Bros.
40%
2012 3DS New Super Mario Bros. 2
40%
2012 Wii U New Super Mario Bros. U
40%
2009 Wii New Super Mario Bros. Wii
40%
2012 3DS Paper Mario: Sticker Star
40%
1984 NES Pinball
40%
1990 NES Punch-Out!!
40%
2004 DS Super Mario 64 DS
40%
1999 Game Boy Color Super Mario Bros. Deluxe
40%
1986 PC Super Mario Bros. Special
40%
1986 Famicom Super Mario Bros.: The Lost Levels
40%
2019 Switch Super Mario Maker 2
40%
2005 DS Super Princess Peach
40%
1999 N64 Super Smash Bros.
40%
2008 Wii Super Smash Bros. Brawl
40%
2014 Wii U Super Smash Bros. for WiiU
40%
2001 GameCube Super Smash Bros. Melee
40%
2018 Switch Super Smash Bros. Ultimate
40%
1989 Game Boy Tetris
40%
1989 NES Tetris
40%
1992 SNES/GB/NES Yoshi's Cookie
40%
2006 DS Yoshi's Island DS
40%
1989 Game Boy Alleyway
20%
2005 GameCube Dance Dance Revolution: Mario Mix
20%
1984 Game & Watch Donkey Kong Circus
20%
1984 Game & Watch Donkey Kong Hockey
20%
2013 Wii U Dr. Luigi
20%
2001 N64 Dr. Mario 64
20%
2019 Mobile Dr. Mario World
20%
1997 Game Boy Game & Watch Gallery 2
20%
2024 Switch Luigi's Mansion 2 HD
20%
2019 Switch Luigi's Mansion 3
20%
2013 3DS Luigi's Mansion: Dark Moon
20%
2013 3DS Mario & Luigi: Dream Team
20%
2015 3DS Mario & Luigi: Paper Jam
20%
2011 Wii/3DS Mario & Sonic at the London 2012 Olympic Games
20%
2007 Wii /DS Mario & Sonic at the Olympic Games
20%
2019 Switch/Arcade Mario & Sonic at the Olympic Games Tokyo 2020
20%
2009 Wii/DS Mario & Sonic at the Olympic Winter Games
20%
2015 WiiU/3DS/Arcade Mario & Sonic at the Rio 2016 Olympic Games
20%
1993 Super Famicom Mario & Wario
20%
1999 N64 Mario Artist
20%
1984 PC Mario Bros. Special
20%
2021 Switch Mario Golf: Super Rush
20%
2014 3DS Mario Golf: World Tour
20%
2006 DS Mario Hoops 3-on-3
20%
2005 Arcade Mario Kart Arcade GP
20%
2007 Arcade Mario Kart Arcade GP 2
20%
2013 Arcade Mario Kart Arcade GP DX
20%
2013 3DS Mario Party: Island Tour
20%
2016 3DS Mario Party: Star Rush
20%
2004 GameCube Mario Power Tennis
20%
2017 Switch Mario + Rabbids Kingdom Battle
20%
1983 Game & Watch Mario's Bombs Away
20%
1994 PC/SNES Mario's Early Years! Fun with Letters
20%
1994 PC/SNES Mario's Early Years! Preschool Fun
20%
1995 PC Mario's Game Gallery
20%
2010 Wii Mario Sports Mix
20%
1996 PC Mario Teaches Typing 2
20%
2015 Wii U Mario Tennis: Ultra Smash
20%
1991 NES NES Open Tournament Golf
20%
2016 Wii U Paper Mario: Color Splash
20%
2020 Switch Paper Mario: The Origami King
20%
2024 Switch Princess Peach: Showtime!
20%
1984 PC Punch Ball Mario Bros.
20%
2023 Switch Super Mario Bros. Wonder
20%
2016 3DS Super Mario Maker for Nintendo 3DS
20%
2016 Mobile Super Mario Run
20%
2014 3DS Super Smash Bros. for Nintendo 3DS
20%
1984 Arcade Vs. Golf
20%
1984 Arcade Vs. Pinball
20%
1986 Arcade Vs. Super Mario Bros
20%
1984 Arcade Vs. Tennis
20%
1985 Arcade Vs. Wrecking Crew
20%
2005 DS Yakuman DS
20%
1989 Game Boy Baseball
0%
1995 SNES Donkey Kong Country 2: Diddy's Kong Quest
0%
1996 Game Boy Donkey Kong Land 2
0%
2008 DS Dr. Mario Express
0%
2015 3DS Dr. Mario: Miracle Cure
0%
2008 Wii Dr. Mario Online Rx
0%
1990 Game Boy F1 Race
0%
1988 Famicom Famicom Grand Prix: F-1 Race
0%
1988 Famicom Famicom Grand Prix II: 3D Hot Rally
0%
2011 Wii Fortune Street
0%
1999 Game Boy Color Game & Watch Gallery 3
0%
2002 GBA Game & Watch Gallery 4
0%
2013 Wii U Mario & Sonic at the Sochi 2014 Olympic Winter Games
0%
2013 3DS Mario and Donkey Kong: Minis on the Move
0%
2004 GBA Mario Golf: Advance Tour
0%
2017 Arcade Mario Kart Arcade GP VR
0%
2020 Switch Mario Kart Live: Home Circuit
0%
2022 Switch Mario + Rabbids Sparks of Hope
0%
2017 3DS Mario Sports Superstars
0%
2012 3DS Mario Tennis Open
0%
2005 GBA Mario Tennis: Power Tour
0%
1991 Game & Watch Mario the Juggler
0%
2006 DS Mario vs. Donkey Kong 2: March of the Minis
0%
2010 DS Mario vs. Donkey Kong: Mini Land Mayhem!
0%
2009 DS Mario vs. Donkey Kong: Minis March Again!
0%
2015 Wii U/3DS Mario vs. Donkey Kong: Tipping Stars
0%
2015 Wii U Minecraft: Wii U Edition
0%
2015 Wii U/3DS Mini Mario & Friends: Amiibo Challenge
0%
2013 Wii U NES Remix
0%
2014 Wii U NES Remix 2
0%
2019 Switch New Super Mario Bros. U Deluxe
0%
2024 Switch Nintendo World Championships: NES Edition
0%
2003 GameCube Pac-Man Vs.
0%
2015 3DS Puzzle & Dragons Z + Super Mario Bros. Edition
0%
1990 Game Boy Qix
0%
2005 GameCube SSX on Tour
0%
2020 Switch Super Mario Bros. 35
0%
1994 SNES Tetris & Dr. Mario
0%
2006 DS Tetris DS
0%
2014 3DS Ultimate NES Remix
0%
1990 Arcade Vs. Dr. Mario
0%
2014 3DS Yoshi's New Island
0%
1993 SNES Yoshi's Safari
0%
2004 DS Yoshi Topsy-Turvy
0%
2005 DS Yoshi Touch & Go
0%
No matching quizzes found
Score Distribution
Percent of People with Each Score
Percentile by Number Answered
Your Score History
You have not taken this quiz since the last reset